000 00723cam a22002533a 4500
001 1887
003 PGUSA
005 20140828083007.0
008 990901s1999||||xxu|||||s|||||000 | eng d
040 _aPGUSA
_beng
042 _adc
050 4 _aQL
100 1 _aFabre, Jean-Henri,
_d1823-1915
245 1 4 _aThe Life of the Spider
_h[electronic resource] /
_cJean-Henri Fabre
260 _bProject Gutenberg,
_c1999
506 _aPublic domain in the USA.
516 _aElectronic text
653 _aSpiders
700 1 _aTeixeira de Mattos, Alexander,
_d1865-1921
740 0 _aLa vie des araignées. English
830 0 _aProject Gutenberg
_v1887
856 4 0 _uhttp://www.gutenberg.org/ebooks/1887
942 _cEB
999 _c231230
_d231230